| 000 | 00554nam a2200169 i 4500 | ||
|---|---|---|---|
| 001 | bg | ||
| 100 | 1 | _aCHWASTEK, Jerzy | |
| 245 | 0 |
_aAnaliza osiadania zwałowisk w aspekcie ich poeksploatacyjnego zagospodarowania / _cJerzy Chwastek. |
|
| 260 |
_aWrocław, _c1978. |
||
| 490 | 1 |
_aPrace Naukowe Instytutu Geotechniki Politechniki Wrocławskiej ; _v23 |
|
| 830 | _aPrace Naukowe Instytutu Geotechniki Politechniki Wrocławskiej ; | ||
| 040 | _cBPK | ||
| 041 | _apol | ||
| 080 | _a622:553.9 | ||
| 942 | _cKS | ||
| 008 | s pl f |000 0 pol | ||
| 999 |
_c17751 _d17751 |
||
| 856 |
_uhttp://koha.tu.koszalin.pl/cgi-bin/koha/opac-detail.pl?biblionumber=17751 _yKatalog online BPK |
||